|
|
|
|
| LEADER |
01525nam a2200385 a 4500 |
| 001 |
000588029 |
| 003 |
CZ BrMZK |
| 005 |
20110922083538.0 |
| 007 |
ta |
| 008 |
020221s2001 xr f eng d |
| 015 |
|
|
|a cnb001035140
|
| 020 |
|
|
|a 80-85009-41-2
|
| 035 |
|
|
|a (OCoLC)50340705
|
| 040 |
|
|
|a BOA001
|b cze
|
| 072 |
|
7 |
|a 54
|x Chemie. Mineralogické vědy
|2 Konspekt
|9 10
|
| 080 |
|
|
|a 66.081.6
|2 MRF
|
| 080 |
|
|
|a 62-278-036.7
|2 MRF
|
| 080 |
|
|
|a 54-126
|2 MRF
|
| 080 |
|
|
|a (062.534)
|2 MRF
|
| 080 |
|
|
|a (048.3)
|2 MRF
|
| 111 |
2 |
|
|a Polymer Membranes (sympozium)
|d (2001 :
|c Praha, Česko)
|7 mzk2006357977
|
| 245 |
1 |
0 |
|a Polymer membranes :
|b Prague meetings on macromolecules, 61st meeting-41st microsymposium, Prague, 16-19 July 2001 : programme booklet
|
| 260 |
|
|
|a Prague :
|b Institute of Macromolecular Chemistry, Academy of Sciences of the Czech Republic,
|c 2001
|
| 300 |
|
|
|a [138], viii s. :
|b il. ;
|c 21 cm
|
| 504 |
|
|
|a Obsahuje bibliografii
|
| 650 |
0 |
7 |
|a membránové procesy (biofyzika)
|7 ph138331
|2 czenas
|
| 650 |
0 |
7 |
|a polymerní membrány
|7 ph138410
|2 czenas
|
| 650 |
0 |
7 |
|a makromolekulární chemie
|7 ph122572
|2 czenas
|
| 655 |
|
7 |
|a sborníky konferencí
|7 fd133333
|2 czenas
|
| 655 |
|
7 |
|a abstrakta
|7 fd131780
|2 czenas
|
| 710 |
2 |
|
|a Mezinárodní unie pro čistou a užitou chemii
|7 kn20010724320
|
| 710 |
2 |
|
|a Česká společnost chemická
|7 kn20010725033
|
| 910 |
|
|
|a BOA001
|b 2-1098.647
|
| 990 |
|
|
|a BK
|
| 996 |
6 |
|
|b 2610153971
|c 2-1098.647
|l MZK
|r Sklad / do 1 hodiny
|n 1
|p p.v.
|w 000588029
|u 000010
|a 1
|e BOA001
|j MZK50
|s P
|